000
00243nam a2200097Ia 4500
001
1207541
005
20251010145202.0
008
250824s9999 xx 000 0 und d
245
0
_a
HİSAR
_c
ABDÜLHAK ŞİNASİ
260
_b
EVEREST YAYINLARI
999
_c
1207541
_d
1207541